000 01041nam a22003257i 4500
003 URS
005 20220117094623.0
008 170816b xxu||||| |||| 00| 0 eng d
020 _a0721617573
040 _aDSCI
_erda
_cURSR
_beng
041 _aeng
050 _aQM551
_bB6233 1975
100 1 _aBloom, William,
_eauthor
245 1 2 _aA textbook of histology
_cBloom, William M.D Fawcett, Don W. M.D
250 _a10th ed.
264 1 _aPhiladelphia :
_bW. B. Saunders,
_c1975.
300 _axi, 1033 pages
_billustrations
_c27cm
336 _atext
_btxt
_2rdacontent
337 _aunmediated
_bn
_2rdamedia
338 _avolume
_bnc
_2rdacarrier
500 _aAt head of title: Bloom and Fawcett, Rev. edition of: Textbook of histology / William Bloom, Don W. Fawcett. 10th edition 1975.
504 _aIncludes bibliographies and index.
650 0 _aHistology.
700 _aFawcett, Don W. M.D
900 _tRegular Circulation
900 _tRegular Circulation
905 _aFO
942 _2lcc
_cFR
999 _c11508
_d11508